A Guide to Medical Endocrinology; (Record no. 5279)

MARC details
000 -LEADER
fixed length control field 00506nam a22001937a 4500
003 - CONTROL NUMBER IDENTIFIER
control field OSt
005 - DATE AND TIME OF LATEST TRANSACTION
control field 20160922153544.0
008 - FIXED-LENGTH DATA ELEMENTS--GENERAL INFORMATION
fixed length control field 160922b xxu||||| |||| 00| 0 eng d
020 ## - INTERNATIONAL STANDARD BOOK NUMBER
International Standard Book Number 0333320298
040 ## - CATALOGING SOURCE
Transcribing agency DNLM.
082 ## - DEWEY DECIMAL CLASSIFICATION NUMBER
Classification number WK100H27g 1985.
100 ## - MAIN ENTRY--PERSONAL NAME
Personal name Hassan,Tarek;
9 (RLIN) 11107
245 ## - TITLE STATEMENT
Title A Guide to Medical Endocrinology;
260 ## - PUBLICATION, DISTRIBUTION, ETC. (IMPRINT)
Place of publication, distribution, etc. London;
Name of publisher, distributor, etc. Macmillan Publishers Ltd.
Date of publication, distribution, etc. 1985.
300 ## - PHYSICAL DESCRIPTION
Extent xiv,269p;
Other physical details ill;
Dimensions 23cm.
504 ## - BIBLIOGRAPHY, ETC. NOTE
Bibliography, etc includes index.
650 ## - SUBJECT ADDED ENTRY--TOPICAL TERM
Topical term or geographic name as entry element Medical.
9 (RLIN) 6393
942 ## - ADDED ENTRY ELEMENTS (KOHA)
Source of classification or shelving scheme Other/Generic Classification Scheme
Koha item type Open Shelf
Holdings
Withdrawn status Lost status Source of classification or shelving scheme Damaged status Not for loan Home library Current library Date acquired Source of acquisition Inventory number Total Checkouts Full call number Barcode Date last seen Price effective from Koha item type
    Other/Generic Classification Scheme     MUST Main Library MUST Main Library 22/09/2016   2528   WK100H27g 1985. 2016-4495 22/09/2016 22/09/2016 Open Shelf
    Other/Generic Classification Scheme     MUST Main Library MUST Main Library 22/09/2016   2527   WK100H27g 1985. 2016-4496 22/09/2016   Open Shelf
    Other/Generic Classification Scheme     MUST Main Library MUST Main Library 22/09/2016   2529   WK100H27g 1985. 2016-4497 22/09/2016   Open Shelf
    Other/Generic Classification Scheme     MUST Main Library MUST Main Library 22/09/2016   2530   WK100H27g 1985. 2016-4498 22/09/2016   Open Shelf